000 00354nam a2200133 i 4500
001 bg
100 1 _aKACZOCHA, Włodzimierz
245 0 _aInspiracje marksistowskie w filozofii kultury w Polsce do 1939 roku /
_cW. Kaczocha.
260 _aWarszawa,
_c1984.
040 _cBPK
041 _apol
942 _cKS
008 s pl f |000 0 pol
999 _c22672
_d22672
856 _uhttp://koha.tu.koszalin.pl/cgi-bin/koha/opac-detail.pl?biblionumber=22672
_yKatalog online BPK